000
00310nam a22001457a 4500
008
230912b ||||| |||| 00| 0 eng d
020
_a
9780816513086
041
_a
eng
080
_a
521
082
_a
521SHE
100
_a
19
101
_a
ASTRO
245
_a
WORLDS IN TE SKY
_c
SHEEHAN.W
942
_2
udc
_c
BK
999
_c
60335
_d
60335